| 000 | 00918cab a2200241 4500 | ||
|---|---|---|---|
| 001 | WB2833-25 | ||
| 008 | 090401t1992 xxu||||| |||| 00| 0 eng d | ||
| 035 | _a(Sirsi) u46960 | ||
| 041 | _aeng | ||
| 245 | _aTenants` right to personal data | ||
| 260 | _c1992 | ||
| 350 | _a0 | ||
| 490 |
_aScottish Office News Release _v(1186/92) 20 August 1992 (2) |
||
| 520 | _aThe Access to Personal Files (Housing) (Scotland) Regulations 1992 introduce new rights to tenants of local authorities, new towns and Scottish Homes, who may now inspect information held by landlords where pertinent to their tenancy. | ||
| 650 | _aACCESS TO PERSONAL FILES (HOUSING) (SCOTLAND) REGULATIONS | ||
| 650 | _aACCESS TO PERSONAL FILES ACT 1987 | ||
| 650 | _aPUBLIC SECTOR TENANCIES | ||
| 650 | _aSCOTLAND | ||
| 650 | _aTENANTS CHARTER FOR SCOTLAND | ||
| 690 | _aPROPERTY-LANDLORD AND TENANT | ||
| 942 | _n0 | ||
| 948 | _c04/03/1997 | ||
| 999 |
_c29622 _d29622 |
||